Szczegóły MARC21

Der Roman und sein Publikum im früheren 18. Jahrhundert : 1700 - 1767 /

003 -Nazwa inst., której nr kontr. jest w polu 001 [,]
    • @
    • Nazwa instytucji, której n kontrolny jest w polu 001
    • NUKAT
005 -DATA I CZAS OSTATNIEJ MODYFIKACJI [,]
    • @
    • pole kontrolne
    • 20241231102918.0
040 -Instytucja sporządzająca opis [ , ]
    • a
    • Instytucja, która sporządziła opis (NP)
    • WA U/MSO
    • b
    • Język katalogowania
    • pol
    • e
    • Zasady katalogowania
    • rda
    • c
    • Instytucja, która sporządziła rekord (NP)
    • WA U/MSOs
    • d
    • Instytucja, która zmodyfikowała rekord (P)
    • WA U/MSO
942 -Rodzaj dokumentu [ , ]
    • c
    • Rodzaj dokumentu
    • Książka
100 -Hasło główne - nazwa osobowa [1, ]
    • a
    • Nazwa osobowa (NP)
    • Spiegel, Marianne.
    • e
    • Rodzaj współpracy
    • Autor
    • 9
    • KHW
    • 608374
245 -Strefa tytułu i oznaczenia odpowiedzialności [1,4]
    • a
    • Tytuł
    • Der Roman und sein Publikum im früheren 18. Jahrhundert : Find
    • b
    • Ciąg dalszy tytułu (NP)
    • 1700 - 1767 / Find
    • c
    • Pozostałe elementy strefy tytułu i oznaczenia odpowiedzialności (NP)
    • von Marianne Spiegel.
260 -Strefa adresu wydawniczego [ , ]
    • a
    • Miejsce wydania (P)
    • Bonn :
    • b
    • Nazwa wydawcy (P)
    • H. Bouvier u. Co. Verlag,
    • c
    • Data wydania (P)
    • © 1967.
300 -Strefa opisu fizycznego [ , ]
    • a
    • Określenie formy książki i/lub objętość (NP)
    • [6], 216 stron :
    • b
    • Oznaczenie ilustracji (NP)
    • ilustracje ;
    • c
    • Format (NP)
    • 23 cm.
336 -Typ zawartości [ , ]
    • a
    • Termin opisujący typ zawartości
    • Tekst
    • b
    • Kod określający zawartość
    • txt
    • 2
    • Źródło (terminu i kodu)
    • rdacontent
337 -Typ mediów [ , ]
    • a
    • Tryb odtwarzania
    • Bez urządzenia pośredniczącego
    • b
    • Kod typu mediów
    • n
    • 2
    • Źródło (terminu i kodu)
    • rdamedia
338 -Typ/rodzaj nośnika [ , ]
    • a
    • Hasło opisujące typ nośnika
    • Wolumin
    • b
    • Kod typu nośnika
    • nc
    • 2
    • Źródło (terminu i kodu)
    • rdacarrier
490 -Strefa serii i książki wielotomowej - forma nie do wyszukiwania [1, ]
    • a
    • Tytuł (P)
    • Abhandlungen zur Kunst-, Musik- und Literaturwissenschaft ; Find
    • v
    • Numeracja (P)
    • Bd. 41
830 -Hasło dodatkowe serii i opisu książki wielotomowej - tytuł ujednolicony/tytuł [ ,0]
    • a
    • Tytuł ujednolicony/tytuł (NP)
    • Abhandlungen zur Kunst-, Musik- und Literaturwissenschaft
    • x
    • ISSN
    • 0567-4999
    • v
    • Oznaczenie tomu (NP)
    • Bd. 41
    • 9
    • KHW
    • 476234
504 -Uwaga dot. bibliogr. załącznikowej [ , ]
    • a
    • Uwaga dot. bibliografii załącznikowej
    • Bibliografia na stronach 115-133. Indeks.
650 -Hasło przedmiotowe [ ,7]
    • a
    • Hasło przedmiotowe
    • Powieść niemiecka
    • y
    • Określnik chronologiczny
    • 18 w.
    • v
    • Określnik formalny
    • bibliografia.
    • 2
    • Źródło terminu
    • kaba
    • 9
    • KHW
    • 608432
650 -Hasło przedmiotowe [ ,7]
    • a
    • Hasło przedmiotowe
    • Powieść niemiecka
    • y
    • Określnik chronologiczny
    • 18 w.
    • x
    • Określnik rzeczowy
    • tematy, motywy.
    • 2
    • Źródło terminu
    • kaba
    • 9
    • KHW
    • 608431
650 -Hasło przedmiotowe [ ,7]
    • a
    • Hasło przedmiotowe
    • Powieść niemiecka
    • x
    • Określnik rzeczowy
    • recepcja
    • z
    • Określnik geograficzny
    • Niemcy
    • y
    • Określnik chronologiczny
    • 18 w.
    • 2
    • Źródło terminu
    • kaba
    • 9
    • KHW
    • 608433
710 -Hasło dodatkowe - nazwa ciała zbiorowego [2, ]
    • a
    • Nazwa ciała zbiorowego lub nazwa geograficzna jako pierwszy element (NP)
    • H. Bouvier und Co.
    • e
    • Rodzaj współpracy
    • Wydawca
    • 4
    • Kod relacji
    • pbl
    • 9
    • KHW
    • 570623
Lokalizacja Sygnatura Status udost. Data inwentaryzacji Numer inwentarzowy
BMGERM. Powieść 3511995-10-09G.11121